| 000 | 00824nam a22002297a 4500 | ||
|---|---|---|---|
| 999 |
_c20662 _d20662 |
||
| 003 | AR-CdUCM | ||
| 008 | 190517b ||||| |||| 00| 0 spa d | ||
| 040 |
_aMUNICIPALIDAD PROVINCIAL DEL CUSCO _cBIBLIOTECA MUNICIPAL DEL CUSCO |
||
| 041 | _hfre | ||
| 082 |
_a840 / _bSA16 |
||
| 100 |
_aSainte - Beuve, M. _940705 |
||
| 245 | _aGrandes escritores / | ||
| 260 |
_aBuenos Aires : _bE. M. C. A., _c1944. |
||
| 300 |
_a533 páginas ; _c23 cm. _b23 gravados, |
||
| 500 | _a[libro reempastado] | ||
| 505 | _aContenido: Rabelais -- Montaigne -- Cornelli -- Pascal -- Moliere -- La fontaine -- Boilean -- Racine -- Le sage -- Voltaire... | ||
| 650 |
_aEscritores francesas _943198 |
||
| 650 |
_aLiteratura francesa _9913 |
||
| 700 |
_aEstevanez, D. N. (traducción) _943199 |
||
| 942 |
_2ddc _cLIBROS |
||
| 945 |
_aAndy _d2019-05-17 |
||